000
00369nam a22001577a 4500
003
MPLRDC
005
20220104142526.0
008
210129b ||||| |||| 00| 0 eng d
082
_a
225 BYFS c.3
100
_a
伯圆法师著
245
_a
松涛声里话前尘
_c
260
_a
_b
湖滨精舍众弟子
_c
300
_b
平
650
_a
942
_c
BK
_o
225 BYFS c.3
999
_c
31582
_d
31572